Điện toán ứng dụng vào kế toán và quản lý. t.II /
Tallennettuna:
| Päätekijä: | |
|---|---|
| Aineistotyyppi: | Sách giấy |
| Kieli: | Vietnamese |
| Julkaistu: |
TP.HCM :
Văn phòng dịch vụ điện toán,
1995.
|
| Tagit: |
Lisää tagi
Ei tageja, Lisää ensimmäinen tagi!
|
| Thư viện lưu trữ: | Thư viện Trường Đại học Đà Lạt |
|---|
| LEADER | 00637nam a2200241 4500 | ||
|---|---|---|---|
| 001 | DLU110115917 | ||
| 005 | ##20100323 | ||
| 040 | # | # | |a DLU |b vie |
| 041 | # | # | |a vie |
| 044 | # | # | |a vn |
| 082 | # | # | |a 658.05 |b RE-R |
| 100 | # | # | |a REIX, R |
| 245 | # | # | |a Điện toán ứng dụng vào kế toán và quản lý. |n t.II / |c R.REIX; Dương Quang Thiện biên dịch. |
| 260 | # | # | |a TP.HCM : |b Văn phòng dịch vụ điện toán, |c 1995. |
| 300 | # | # | |a 350 tr. ; |c 30 cm. |
| 994 | # | # | |a DLU |
| 900 | # | # | |a True |
| 911 | # | # | |a Phan Thị Mỹ Thảo |
| 925 | # | # | |a G |
| 926 | # | # | |a A |
| 927 | # | # | |a SH |
| 980 | # | # | |a Thư viện Trường Đại học Đà Lạt |